Mi amigo el negro

I tiakina i:
Ngā taipitopito rārangi puna kōrero
Kaituhi matua: Alliende, Felipe (Author)
Hōputu: Pukapuka
Reo:Pāniora
I whakaputaina: Santiago Universitaria 2006
Putanga:25a. ed
Rangatū:Norte
Ngā marau:
Ngā Tūtohu: Tāpirihia he Tūtohu
Kāore He Tūtohu, Me noho koe te mea tuatahi ki te tūtohu i tēnei pūkete!

MARC

LEADER 00000cam a2200000 a 4500
001 UCI2398
003 CL-VaPUC
008 070824e20060000CL |||||||||||||||||spa|d
020 |a 9561117517 
082 0 4 |a Ch863  |b ALL  |2 21 
100 0 |a Alliende, Felipe  |e author  |9 523404 
245 1 0 |a Mi amigo el negro 
250 |a 25a. ed 
300 |a 100 p 
942 |c BK 
945 |d 20070824 00:00:00  |a rbrito 
260 |a Santiago  |b Universitaria  |c 2006 
650 0 |a Novelas chilenas   |9 265425 
583 |a last modification  |c 20130528 01:36:04  |k Rodrigo Vera 
490 0 |a Norte 
999 |c 326983  |d 326981 
952 |0 0  |1 0  |4 0  |6 CH_863_000000000000000_ALL_2006  |7 0  |8 A  |9 409317  |a BIBEDU  |b BIBEDU  |d 2019-11-22  |i 4366697  |o Ch863 ALL 2006  |p 4366697  |r 2019-11-22  |w 2019-11-22  |y BK  |k LIT